000 00582nam a2200193Ia 4500
003 IN-BaIIA
008 211028s9999 xx 000 0 eng d
020 _a981-02-2677-2
040 _cIIA Library
080 _a53(042.3)
_bNOB-7
245 0 _aNobel lectures in physics 1991 - 1995
_bincluding presentation speeches and laureates' biographies
_cedited by G. Ekspong
260 _aSingapore
_bWorld Scientific
_c1997
300 _aix, 221p.
650 _a1991-95
_924827
650 _aLectures
_917003
650 _aPhysics
_973
700 _aEkspong, G., ed.
_918918
942 _cBK
999 _c14114
_d14114